Top 10 Most Guessed Fictional Villains - Statistics

General Stats
  • This quiz has been taken 35 times
  • The average score is 9 of 10
Answer Stats
% Hint Answer % Correct
97 Luke Skywalker's father Darth Vader
100%
91 He tried to steal Christmas The Grinch
97%
95 Gotham City's public enemy #1 The Joker
97%
96 He vants to suck your blood Dracula
91%
86 Simba's plotting uncle Scar
89%
96 He wants to snack on Little Red Riding Hood The Big Bad Wolf
89%
82 Norse "trickster" god Loki
83%
87 He's obsessed with killing Harry Potter Voldemort
83%
85 She kidnapped dalmatians for their fur Cruella de Vil
74%
78 Superman's plutocratic enemy Lex Luthor
71%
No matching quizzes found
Score Distribution
Percent of People with Each Score
Percentile by Number Answered
Your Score History
You have not taken this quiz